Suomen kunnat : sisä- tai ulkopaikallissija ? - Statistics

Yleistilastot
  • Tätä visaa on pelattu 131 kertaa
  • Keskiarvotulos 173 / 309
Vastaustilastot
Kunta Olen… % Oikein
Alajärvi Alajärvellä
99%
Akaa Akaassa
95%
Alavieska Alavieskassa
95%
Asikkala Asikkalassa
89%
Askola Askolassa
89%
Aura Aurassa
87%
Enonkoski Enonkoskella
83%
Espoo Espoossa
83%
Brändö Brändössä
82%
Eurajoki Eurajoella
82%
Eura Eurassa
82%
Evijärvi Evijärvellä
82%
Forssa Forssassa
82%
Hanko Hangossa
82%
Enontekiö Enontekiöllä
81%
Eckerö Eckerössä
80%
Haapajärvi Haapajärvellä
80%
Haapavesi Haapavedellä
80%
Hailuoto Hailuodossa
80%
Hamina Haminassa
80%
Helsinki Helsingissä
80%
Geta Getassa
79%
Hankasalmi Hankasalmella
79%
Finström Finströmissä
77%
Föglö Föglössä
77%
Halsua Halsualla
77%
Hartola Hartolassa
77%
Hämeenlinna Hämeenlinnassa
76%
Hammarland Hammarlandissa
76%
Harjavalta Harjavallassa
76%
Hausjärvi Hausjärvellä
76%
Heinola Heinolassa
76%
Hirvensalmi Hirvensalmella / Hirvensalmessa
76%
Hollola Hollolassa
76%
Humppila Humppilassa
76%
Hyvinkää Hyvinkäällä
76%
Ii Iissä
76%
Hattula Hattulassa
75%
Heinävesi Heinävedellä
75%
Hyrynsalmi Hyrynsalmella
75%
Hämeenkyrö Hämeenkyrössä
74%
Iisalmi Iisalmessa
74%
Ilmajoki Ilmajoella
73%
Imatra Imatralla
73%
Inari Inarissa
73%
Isojoki Isollajoella / Isojoella
73%
Huittinen Huittisissa
71%
Järvenpää Järvenpäässä
71%
Joensuu Joensuussa
71%
Jyväskylä Jyväskylässä
71%
Alavus Alavudella
70%
Iitti Iitissä
70%
Ilomantsi Ilomantsissa
70%
Inkoo Inkoossa
70%
Jämsä Jämsässä
70%
Janakkala Janakkalassa
70%
Jomala Jomalassa
70%
Jämijärvi Jämijärvellä
69%
Kalajoki Kalajoella
69%
Joutsa Joutsassa
68%
Juupajoki Juupajoella
68%
Juva Juvalla
68%
Kaarina Kaarinassa
68%
Kajaani Kajaanissa
68%
Ikaalinen Ikaalisissa
67%
Kangasniemi Kangasniemellä / Kangasniemessä
67%
Kannonkoski Kannonkoskella
67%
Kotka Kotkassa
67%
Kaavi Kaavilla
65%
Kankaanpää Kankaanpäässä
65%
Karijoki Karijoella
65%
Kemi Kemissä
65%
Jokioinen Jokioisissa / Jokioisilla
64%
Kannus Kannuksessa
64%
Kauhajoki Kauhajoella
64%
Kontiolahti Kontiolahdessa / Kontiolahdella
64%
Kuhmo Kuhmossa
64%
Joroinen Joroisissa
63%
Karkkila Karkkilassa
63%
Karstula Karstulassa
63%
Kauhava Kauhavalla
63%
Kemijärvi Kemijärvellä
63%
Kouvola Kouvolassa
63%
Lahti Lahdessa
63%
Kerava Keravalla
62%
Kuopio Kuopiossa
62%
Karvia Karviassa
61%
Keminmaa Keminmaassa
61%
Kemiönsaari Kemiönsaaressa
61%
Kuusamo Kuusamossa
61%
Kyyjärvi Kyyjärvellä
61%
Lapua Lapualla
61%
Kärsämäki Kärsämäellä / Kärsämäessä
60%
Keitele Keiteleellä
60%
Keuruu Keuruulla
60%
Kirkkonummi Kirkkonummella
60%
Kitee Kiteellä
60%
Kivijärvi Kivijärvellä
60%
Kuortane Kuortaneella
60%
Kustavi Kustavissa
60%
Lapinlahti Lapinlahdella
60%
Juuka Juuassa
58%
Kärkölä Kärkölässä
58%
Kempele Kempeleessä
58%
Kihniö Kihniössä / Kihniöllä
58%
Kinnula Kinnulassa
58%
Kiuruvesi Kiuruvedellä
58%
Kokemäki Kokemäellä
58%
Kristiinankaupunki Kristiinankaupungissa
58%
Lapinjärvi Lapinjärvellä
58%
Lappajärvi Lappajärvellä
58%
Laukaa Laukaassa
58%
Lemi Lemillä
58%
Lempäälä Lempäälässä
58%
Lieto Liedossa
58%
Lieksa Lieksassa
58%
Oulu Oulussa
58%
Isokyrö Isossakyrössä
57%
Kittilä Kittilässä
57%
Kolari Kolarissa
57%
Konnevesi Konnevedellä
57%
Kurikka Kurikassa
57%
Laihia Laihialla
57%
Laitila Laitilassa
57%
Lappeenranta Lappeenrannassa
57%
Leppävirta Leppävirralla
57%
Liperi Liperissä
57%
Lohja Lohjalla
57%
Loimaa Loimaalla
57%
Loviisa Loviisassa
57%
Kauniainen Kauniaisissa
56%
Kokkola Kokkolassa
56%
Kruunupyy Kruunupyyssä
56%
Lemland Lemlandissa
56%
Lestijärvi Lestijärvellä
56%
Liminka Limingassa
56%
Lumijoki Lumijoella
56%
Luoto Luodossa
56%
Luumäki Luumäellä
56%
Mäntyharju Mäntyharjussa / Mäntyharjulla
56%
Masku Maskussa
56%
Muurame Muuramessa
56%
Kaskinen Kaskisissa
55%
Kökar Kökarissa
55%
Kuhmoinen Kuhmoisissa
55%
Maalahti Maalahdessa
55%
Maarianhamina Maarianhaminassa
55%
Mäntsälä Mäntsälässä
55%
Mikkeli Mikkelissä
55%
Muhos Muhoksella
55%
Muonio Muoniossa
55%
Mynämäki Mynämäessä / Mynämäellä
55%
Myrskylä Myrskylässä
55%
Naantali Naantalissa
55%
Nakkila Nakkilassa
55%
Nokia Nokialla / Nokiassa
55%
Orivesi Orivedellä
55%
Luhanka Luhangassa
54%
Lumparland Lumparlandissa
54%
Marttila Marttilassa
54%
Merijärvi Merijärvellä
54%
Merikarvia Merikarvialla
54%
Miehikkälä Miehikkälässä
54%
Multia Multialla
54%
Mustasaari Mustasaaressa
54%
Närpiö Närpiössä
54%
Nivala Nivalassa
54%
Nurmijärvi Nurmijärvellä
54%
Kumlinge Kumlingessa
52%
Nurmes Nurmeksessa
52%
Orimattila Orimattilassa
52%
Oripää Oripäässä
52%
Paimio Paimiossa
52%
Pälkäne Pälkäneellä
52%
Pori Porissa
52%
Pyhäjoki Pyhäjoella
52%
Raisio Raisiossa
52%
Rauma Raumalla
52%
Kangasala Kangasalla
51%
Kaustinen Kaustisella
51%
Mänttä-Vilppula Mänttä-Vilppulassa
51%
Oulainen Oulaisissa
51%
Outokumpu Outokummussa
51%
Paltamo Paltamossa
51%
Parkano Parkanossa
51%
Pello Pellossa
51%
Pihtipudas Pihtiputaalla
51%
Porvoo Porvoossa
51%
Puumala Puumalassa
51%
Raahe Raahessa
51%
Raasepori Raaseporissa
51%
Ranua Ranualla
51%
Korsnäs Korsnäsissä
50%
Padasjoki Padasjoella
50%
Pelkosenniemi Pelkosenniemellä
50%
Perho Perhossa
50%
Pertunmaa Pertunmaalla
50%
Pieksämäki Pieksämäellä / Pieksämäessä
50%
Pirkkala Pirkkalassa
50%
Pöytyä Pöytyällä
50%
Punkalaidun Punkalaitumella
50%
Pyhäjärvi Pyhäjärvellä
50%
Pyhtää Pyhtäällä
50%
Nousiainen Nousiaisissa
49%
Parikkala Parikkalassa
49%
Pielavesi Pielavedellä
49%
Pietarsaari Pietarsaaressa
49%
Polvijärvi Polvijärvellä
49%
Pomarkku Pomarkussa
49%
Pornainen Pornaisissa
49%
Pukkila Pukkilassa
49%
Puolanka Puolangalla
49%
Pyhäranta Pyhärannassa / Pyhässärannassa
49%
Rantasalmi Rantasalmella
49%
Rautjärvi Rautjärvellä
49%
Rovaniemi Rovaniemellä
49%
Salla Sallassa
49%
Salo Salossa
49%
Sastamala Sastamalassa
49%
Sauvo Sauvossa
49%
Koski TL Koskella
48%
Parainen Paraisilla
48%
Petäjävesi Petäjävedellä
48%
Posio Posiolla
48%
Pudasjärvi Pudasjärvellä
48%
Rautavaara Rautavaaralla
48%
Riihimäki Riihimäellä / Riihimäessä
48%
Savitaipale Savitaipaleella
48%
Savukoski Savukoskella
48%
Seinäjoki Seinäjoella
48%
Rääkkylä Rääkkylässä
46%
Reisjärvi Reisjärvellä
46%
Ristijärvi Ristijärvellä
46%
Ruovesi Ruovedellä
46%
Rusko Ruskolla
46%
Saarijärvi Saarijärvellä
46%
Savonlinna Savonlinnassa
46%
Soini Soinissa
46%
Somero Somerolla
46%
Vantaa Vantaalla
46%
Loppi Lopella
45%
Pedersören kunta Pedersören kunnassa / Pedersöressä
45%
Pyhäntä Pyhännällä
45%
Ruokolahti Ruokolahdella
45%
Säkylä Säkylässä
45%
Sipoo Sipoossa
45%
Sotkamo Sotkamossa
45%
Sysmä Sysmässä
45%
Tammela Tammelassa
45%
Turku Turussa
45%
Simo Simossa
44%
Siuntio Siuntiossa
44%
Urjala Urjalassa
44%
Sievi Sievissä
43%
Siikajoki Siikajoella
43%
Siilinjärvi Siilinjärvellä
43%
Sodankylä Sodankylässä
43%
Sonkajärvi Sonkajärvellä
43%
Sulkava Sulkavalla
43%
Sund Sundissa
43%
Suonenjoki Suonenjoella
43%
Taivassalo Taivassalossa
43%
Tampere Tampereella
43%
Tuusula Tuusulassa
43%
Vaasa Vaasassa
43%
Saltvik Saltvikissa / Saltvikissä
42%
Siikalatva Siikalatvalla
42%
Suomussalmi Suomussalmella
42%
Taivalkoski Taivalkoskella
42%
Tervola Tervolassa
42%
Tervo Tervossa
42%
Teuva Teuvalla
42%
Tornio Torniossa
42%
Utsjoki Utsjoella
42%
Sottunga Sottungassa
40%
Tohmajärvi Tohmajärvellä
40%
Toivakka Toivakassa
40%
Tuusniemi Tuusniemellä
40%
Tyrnävä Tyrnävällä
40%
Ulvila Ulvilassa
40%
Utajärvi Utajärvellä
40%
Vaala Vaalassa
40%
Valkeakoski Valkeakoskella
40%
Varkaus Varkaudessa
40%
Äänekoski Äänekoskella
39%
Siikainen Siikaisissa
39%
Taipalsaari Taipalsaarella
39%
Uusikaupunki Uudessakaupungissa
39%
Vehmaa Vehmaalla
39%
Vihti Vihdissä
38%
Rautalampi Rautalammilla
37%
Uurainen Uuraisilla
37%
Viitasaari Viitasaarella
37%
Vårdö Vårdössä
36%
Vesanto Vesannolla
36%
Vesilahti Vesilahdessa / Vesilahdella
36%
Veteli Vetelissä
36%
Vieremä Vieremällä
36%
Virolahti Virolahdella / Virolahdessa
36%
Vöyri Vöyrillä
36%
Ylitornio Ylitorniolla
36%
Ylivieska Ylivieskassa
36%
Ylöjärvi Ylöjärvellä
36%
Ypäjä Ypäjällä
36%
Ähtäri Ähtärissä
35%
Vimpeli Vimpelissä
35%
Virrat Virroilla
35%
Toholampi Toholammilla
32%
Uusikaarlepyy Uudessakaarlepyyssä
32%
Ehtoja vastaavia visoja ei löytynyt
Tulosjakauma
Jokaisen tuloksen saaneiden osuus
Persentiili vastausten määrän mukaan
Tuloshistoriasi
Et ole pelannut tätä visaa